NFL Top 20 Players in the NFC West - Statistics

General Stats
  • This quiz has been taken 82 times
  • The average score is 11 of 20
Answer Stats
Team Player % Correct
Seahawks DK Metcalf
90%
Cardinals Kyler Murray
90%
Rams Aaron Donald
87%
Rams Cooper Kupp
86%
49ers Deebo Samuel
85%
Rams Matthew Stafford
83%
Seahawks Tyler Lockett
75%
Cardinals DeAndre Hopkins
73%
49ers Nick Bosa
73%
49ers George Kittle
69%
Rams Jalen Ramsey
69%
49ers Trent Williams
52%
Cardinals Budda Baker
38%
Seahawks Jamal Adams
32%
Seahawks Quandre Diggs
20%
49ers Arik Armstead
14%
49ers Robbie Gould
10%
Seahawks Jordyn Brooks
6%
Seahawks Michael Dickson
4%
49ers Kyle Jusychyk
0%
No matching quizzes found
Score Distribution
Percent of People with Each Score
Percentile by Number Answered
Your Score History
You have not taken this quiz